MDQL
is popping MORE tags! Check the
thread
!
Quizzes
Events
Quiz Creation
Community
Videos
Private Events
Remove Ads
Sign In
Join for FREE
Feedback
Dark Mode
Quiz Categories
Sports
Geography
Music
Movies
Television
Just For Fun
Miscellaneous
History
Literature
Language
Science
Gaming
Entertainment
Religion
Holiday
For Kids
Quiz Lab
Recent
Popular Today
Quiz Kudos Today
Editor Picks
Curator Picks
Quizzes by...
Day
Popularity
Type
Ratings
Length
Year
Community
Subscriptions
Recent Discussions
Orange Saloon
Badges
Playlists
Quests
Create
Leaderboards
Showdown
Live 5
Trivia Bingo
Activity
Puzzle Library
Sporcle Events
Private Events
Virtual Trivia
Globe League
Become a Host
Pub Owners
SporcleCon
Opinionation
Our Games
Videos
Blog
Mobile Apps
Partnerships
Remove Ads and Go Orange
Feedback
Geography
Country
Landmarks
City
State
Population
World
Capital
Continent
Flags
Europe
Africa
Asia
South America
North America
Oceania
Border
Canada
United Kingdom
Topography
United States
Geography
Country
Landmarks
City
State
Population
World
Capital
Continent
Flags
Europe
Africa
Asia
South America
North America
Oceania
Border
Canada
United Kingdom
Topography
United States
Random Quiz
Search Sporcle
×
Quiz Lab
Quiz Lab
Geography
Africa
Type in answers that appear in a list
Type in answers that appear in a list
Classic
Best Score? Go Orange.
UN Regions - Africa Stats
Can you name the African Regions for the named Countries?
By
willowtest
4m
53 Questions
168 Plays
168 Plays
168 Plays
Comments
Comments
Give Quiz Kudos
Give Quiz Kudos
-
- Ratings
hide this ad
More Info
Forced Order
Answers have to be entered in order
Answers have to be entered in order
Random Order
Randomize order of answers
Randomize order of answers
Replay
Link that replays current quiz
Next Quiz
Link to next quiz in quiz playlist
You Got
0%
They Got
Avg Score
70%
Avg Friend Score
Upgrade to see
Score Distribution
Jump to the score distribution portion of the page
Score
0/53
Timer
04:00
0
Plays Today
Country
Region
% Correct
Egypt
Northern
76.8%
Malawi
Eastern
76.2%
Algeria
Northern
75%
Ethiopia
Eastern
75%
Gambia
Western
73.8%
Mauritania
Western
73.2%
Nigeria
Western
73.2%
Botswana
Southern
72.6%
Guinea
Western
72.6%
Lesotho
Southern
72.6%
Libya
Northern
72.6%
Western Sahara
Northern
72.6%
Cote d'Ivoire
Western
72%
Djibouti
Eastern
72%
Morocco
Northern
72%
Zambia
Eastern
72%
Ghana
Western
71.4%
Guinea-
Bissau
Western
71.4%
Somalia
Eastern
71.4%
Burkina Faso
Western
70.8%
Cabo Verde
Western
70.8%
Eritrea
Eastern
70.8%
Madagascar
Eastern
70.8%
Namibia
Southern
70.8%
Senegal
Western
70.8%
Seychelles
Eastern
70.8%
South Africa
Southern
70.8%
Country
Region
% Correct
Tanzania
Eastern
70.8%
Tunisia
Northern
70.8%
Benin
Western
70.2%
Burundi
Eastern
70.2%
Cameroon
Middle
70.2%
Democratic Republic of the Congo
Middle
70.2%
Kenya
Eastern
70.2%
Niger
Western
70.2%
Sierra Leone
Western
70.2%
Togo
Western
70.2%
Uganda
Eastern
70.2%
Mauritius
Eastern
69.6%
Mali
Western
69%
Sudan
Northern
69%
Mozambique
Eastern
68.5%
Swaziland
Southern
68.5%
Zimbabwe
Eastern
68.5%
Gabon
Middle
67.9%
Liberia
Western
67.9%
Rwanda
Eastern
67.9%
Angola
Middle
67.3%
Chad
Middle
67.3%
Equatorial Guinea
Middle
67.3%
Republic of the Congo
Middle
66.1%
Sao Tome and Principe
Middle
64.3%
Central African Republic
Middle
62.5%
Quiz Playlist
Details
Report
Send in Message
Add To Playlist
More Info:
Enter Region of country as defined by United Nations geoscheme. Regions are defined as Northern, Southern, Eastern, Western and Middle
Classic:
Type in answers that appear in a list
Forced Order:
Answers have to be entered in order
Random Order:
Randomize order of answers
Last Updated: Oct 20, 2017
Quiz Scoreboard
CHALLENGE
Sign Up to Join the Scoreboard
Show All
Scores
Hide
Comments
May contain spoilers
Recently Published
Image Sorting: Flags VI
by Barbecue
Geography
2m
Find the 'City' Movie
by crazypaving
Movies
60s
Colored Red Africa Blitz
by spor1
Geography
45s
More to Explore
Quiz From the Vault
Featured Blog Post
14 Easter Pick-up Lines to Find Eggs With
hide this ad
You Might Also Like...
Tags
Africa Quiz
Country Quiz
region
United Nations
Today's Top Quizzes in Geography
Browse Geography
hide this ad
Today's Top Quizzes in Africa
Browse Africa
Top Contributed Quizzes in Geography
1
Colored Red Europe Blitz I
2
Countries of the World - No Outlines Minefield
3
Colored Red Africa Blitz II
4
Colored Red Europe Blitz II
5
Colored Red Europe Blitz III
6
Colored Red Africa Blitz III
7
Colored Red States Blitz I
8
A Different View: World Oceans
9
Colored Red States Blitz II
10
Lietuvos savivaldybės (Lithuanian Municipalities)
Explore More
Trending Topics
NBA
Crossword
Anime
Kpop
Disney
Harry Potter
Marvel
The Office
WWE
Country
NFL
Puzzle
Pokémon
Soccer
Song
hide this ad
More By:
willowtest
Quiz
Plays
Rating
Category
Featured
Created
UN Regions - Europe
345
5.00
Geography
May 24, 2016
UN Regions - Asia
311
5.00
Geography
May 23, 2016
UN Regions - Africa
168
5.00
Geography
May 22, 2016
Go to Creator's Profile
Score Distribution
Quiz Creator Spotlight
willowtest
Follow
Send a Message
Quizzes Created
-
Created Quiz Play Count
-
More By This Creator
Popular Quizzes Today
1
Colored Red Africa Blitz
2
Find the US States - No Outlines Minefield
3
Find the 'City' Movie
4
5x2 Blitz: Bands
5
The Countries of the World
6
Find the US States
7
Find the Countries of Europe - No Outlines Minefield
8
US States
More Geography Quizzes
Countries of Africa
Published
Trending Quizzes
Colored Red Europe Blitz I
Colored Red Europe Blitz II
Colored Red Africa Blitz II
Colored Red Europe Blitz III
Colored Red Africa Blitz III
Recently Updated
How Do You Spell That?
pecheneg
Godzilla Movies
pecheneg
Grab Bag: 4-10 Letters
pecheneg
2024 March Madness Bracket
pecheneg
Famous TV Couples
Peacemaker
Champions League XIs: Real Madrid
pecheneg
Largest US Cities 1790-2010
pecheneg
Rides in Walt Disney World
pecheneg
Most Oscar Losses (Acting)
pecheneg
Beyoncé Albums
pecheneg
Trending Topics
Marvel
Crossword
Anime
Kpop
NBA
Disney
Harry Potter
Song
Pokémon
NFL
WWE
Soccer
The Office
Puzzle
Country
Your Account Isn't Verified!
In order to create a playlist on Sporcle, you need to verify the email address you used during registration. Go to your
Sporcle Settings
to finish the process.
Report this User
Report this user for behavior that violates our
Community Guidelines
.
Details:
Send Report
Go to the Sporcle.com Mobile Site →
Comments